Click Quiz: Territory to Country - Statistics

General Stats
  • This quiz has been taken 1,589 times
  • The average score is 8 of 10
Answer Stats
Hint Answer % Correct
Macau China
88%
Guernsey United Kingdom
88%
Saint Barthélemy France
87%
Svalbard Norway
84%
Aruba Netherlands
80%
Northern Mariana Islands United States
75%
Faroe Islands Denmark
73%
Christmas Island Australia
68%
Niue New Zealand
68%
Åland Finland
66%
No matching quizzes found
Score Distribution
Percent of People with Each Score
Percentile by Number Answered
Your Score History
You have not taken this quiz